[Event "DFMMLV 2019"]
[Site "Braunfels"]
[Date "2019.06.22"]
[Round "4.19"]
[White "Daemering, Katrin"]
[Black "Tobianski, Karina"]
[Result "1-0"]
[WhiteElo "2003"]
[BlackElo "1680"]
[Annotator "NA"]
[PlyCount "99"]
[EventDate "2019.06.20"]
[EventType "team-tourn"]
[EventCountry "GER"]
[SourceTitle "playchess.com"]
[Source "ChessBase"]
[SourceQuality "1"]
[WhiteTeam "Sachsen"]
[BlackTeam "Hamburg"]
[TimeControl "40/5400+30:1800+30"]

1. Nf3 {[%emt 0:00:00]} d6 {[%emt 0:00:00]} 2. d4 {[%emt 0:00:00]} Nf6 {[%emt 0:01:05]} 3. g3 {[%emt 0:00:33]} g6 {[%emt 0:01:13]} 4. Bg2 {[%emt 0:00:16]} Bg7 {[%emt 0:00:50]} 5. O-O {[%emt 0:02:13]} O-O {[%emt 0:00:21]} 6. c3 {[%emt 0:01:18]} Nbd7 {[%emt 0:02:58]} 7. Nbd2 {[%emt 0:04:45]} e5 {[%emt 0:04:23]} 8. e4 {[%emt 0:03:33]} Re8 {[%emt 0:03:55]} 9. Qc2 {[%emt 0:08:45]} Nf8 {[%emt 0:07:57]} 10. h3 {[%emt 0:07:16]} Nh5 {[%emt 0:11:28]} 11. Rd1 {[%emt 0:21:13]} Qe7 {[%emt 0:04:18]} 12. Nf1 {[%emt 0:06:27]} Kh8 {[%emt 0:15:48]} 13. Bg5 {[%emt 0:05:23]} f6 {[%emt 0:02:05]} 14. Be3 {[%emt 0:00:23]} f5 {[%emt 0:03:12]} 15. dxe5 {[%emt 0:09:31]} dxe5 {[%emt 0:02:04]} 16. exf5 {[%emt 0:05:47]} gxf5 {[%emt 0:01:14]} 17. Bg5 {[%emt 0:05:09]} Qf7 {[%emt 0:00:56]} 18. Qa4 {[%emt 0:10:06]} Ne6 {[%emt 0:08:27]} 19. Bh4 {[%emt 0:02:49]} e4 {[%emt 0:06:07]} 20. Ne1 {[%emt 0:00:36]} c6 {[%emt 0:01:25]} 21. Qb3 {[%emt 0:00:26]} Qg6 {[%emt 0:01:33]} 22. Qc4 {[%emt 0:02:24]} Ng5 {[%emt 0:01:59]} 23. Bxg5 {[%emt 0:00:38]} Qxg5 {[%emt 0:00:06]} 24. Rd6 {[%emt 0:00:44]} Qe7 {[%emt 0:11:37]} 25. Rad1 {[%emt 0:00:13]} Be6 {[%emt 0:00:12]} 26. Qe2 {[%emt 0:00:13]} Nf6 {[%emt 0:00:20]} 27. c4 {[%emt 0:00:42]} Rad8 {[%emt 0:02:27]} 28. Rxd8 {[%emt 0:00:12]} Rxd8 {[%emt 0:00:02]} 29. Ne3 {[%emt 0:00:50]} Rd7 {[%emt 0:01:09]} 30. Rxd7 {[%emt 0:00:44]} Qxd7 {[%emt 0:00:05]} 31. Kh2 {[%emt 0:00:39]} Qd4 {[%emt 0:00:54]} 32. b3 {[%emt 0:00:16]} Nd7 {[%emt 0:00:44]} 33. N3c2 {[%emt 0:00:24]} Qd6 {[%emt 0:00:38]} 34. Qh5 {[%emt 0:00:44]} Nf6 {[%emt 0:00:56]} 35. Qe2 {[%emt 0:00:01]} Bf7 {[%emt 0:00:46]} 36. Qe3 {[%emt 0:00:15]} Bh6 {[%emt 0:00:28]} 37. Qxa7 {[%emt 0:00:38]} Qd7 {[%emt 0:01:27]} 38. Qb8+ {[%emt 0:00:12]} Kg7 {[%emt 0:00:28]} 39. Qe5 {[%emt 0:00:09]} Bg5 {[%emt 0:01:14]} 40. Bxe4 {[%emt 0:01:43]} fxe4 {[%emt 0:02:06]} 41. Qxg5+ {[%emt 0:30:13]} Bg6 {[%emt 0:30:28]} 42. Ne3 {[%emt 0:00:00]} Kf7 {[%emt 0:00:00]} 43. Qf4 {[%emt 0:00:00]} Kg7 {[%emt 0:00:00]} 44. N1g2 {[%emt 0:00:00]} b5 {[%emt 0:00:00]} 45. Nh4 {[%emt 0:00:00]} bxc4 {[%emt 0:00:00]} 46. Nxc4 {[%emt 0:00:00]} Qa7 {[%emt 0:00:00]} 47. Nxg6 {[%emt 0:00:00]} hxg6 {[%emt 0:00:00]} 48. a4 {[%emt 0:00:00]} Nd5 {[%emt 0:00:00]} 49. Qe5+ {[%emt 0:00:00]} Kh7 {[%emt 0:00:00]} 50. Kg2 {[%emt 0:00:00]} 1-0

[Event "DFMMLV 2019"]
[Site "Braunfels"]
[Date "2019.06.22"]
[Round "4.20"]
[White "Neumann, Ramona"]
[Black "Doll, Rebecca"]
[Result "1-0"]
[WhiteElo "1709"]
[BlackElo "1678"]
[Annotator "NA"]
[PlyCount "73"]
[EventDate "2019.06.20"]
[EventType "team-tourn"]
[EventCountry "GER"]
[SourceTitle "playchess.com"]
[Source "ChessBase"]
[SourceQuality "1"]
[WhiteTeam "Hamburg"]
[BlackTeam "Baden"]
[TimeControl "40/5400+30:1800+30"]

1. e4 {[%emt 0:00:00]} e5 {[%emt 0:00:00]} 2. Nf3 {[%emt 0:00:00]} d6 {[%emt 0:00:20]} 3. Nc3 {[%emt 0:06:14]} g6 {[%emt 0:00:20]} 4. d3 {[%emt 0:01:19]} Bg7 {[%emt 0:00:06]} 5. Be3 {[%emt 0:00:57]} Ne7 {[%emt 0:00:17]} 6. Qd2 {[%emt 0:01:29]} h6 {[%emt 0:00:37]} 7. h3 {[%emt 0:12:09]} f5 {[%emt 0:01:37]} 8. exf5 {[%emt 0:01:48]} Nxf5 {[%emt 0:01:04]} 9. Ne2 {[%emt 0:10:27]} c5 {[%emt 0:03:56]} 10. g4 {[%emt 0:07:04]} Nxe3 {[%emt 0:01:24]} 11. Qxe3 {[%emt 0:01:24]} Qe7 {[%emt 0:04:50]} 12. Bg2 {[%emt 0:02:31]} Be6 {[%emt 0:02:30]} 13. Ng3 {[%emt 0:01:57]} Nc6 {[%emt 0:01:06]} 14. c3 {[%emt 0:08:00]} O-O {[%emt 0:02:34]} 15. O-O {[%emt 0:01:02]} Rae8 {[%emt 0:06:46]} 16. Nd2 {[%emt 0:03:52]} Bd7 {[%emt 0:12:31]} 17. Rae1 {[%emt 0:03:17]} Kh8 {[%emt 0:06:46]} 18. Ne2 {[%emt 0:06:20]} b6 {[%emt 0:07:11]} 19. Qg3 {[%emt 0:03:33]} Qe6 {[%emt 0:04:37]} 20. f4 {[%emt 0:03:23]} Qxa2 {[%emt 0:02:01]} 21. Nc4 {[%emt 0:02:43]} Rf6 {[%emt 0:12:05]} 22. fxe5 {[%emt 0:04:22]} Rxf1+ {[%emt 0:01:39]} 23. Rxf1 {[%emt 0:00:21]} Bxe5 {[%emt 0:00:27]} 24. Qh4 {[%emt 0:01:45]} Kg7 {[%emt 0:06:20]} 25. Bxc6 {[%emt 0:04:38]} Bh2+ {[%emt 0:02:36]} 26. Kxh2 {[%emt 0:00:56]} Rxe2+ {[%emt 0:00:52]} 27. Bg2 {[%emt 0:00:20]} g5 {[%emt 0:00:57]} 28. Qg3 {[%emt 0:00:22]} Qa4 {[%emt 0:01:14]} 29. Qxd6 {[%emt 0:02:19]} Be8 {[%emt 0:03:04]} 30. Qf6+ {[%emt 0:02:20]} Kg8 {[%emt 0:00:55]} 31. Qxh6 {[%emt 0:01:14]} Bf7 {[%emt 0:04:01]} 32. Qxg5+ {[%emt 0:00:16]} Kf8 {[%emt 0:00:15]} 33. Qf5 {[%emt 0:01:52]} Qe8 {[%emt 0:02:26]} 34. Kh1 {[%emt 0:01:54]} Re1 {[%emt 0:00:47]} 35. Rxe1 {[%emt 0:00:58]} Qxe1+ {[%emt 0:00:17]} 36. Qf1 {[%emt 0:00:10]} Qg3 {[%emt 0:00:35]} 37. Bd5 {[%emt 0:00:42]} 1-0

[Event "DFMMLV 2019"]
[Site "Braunfels"]
[Date "2019.06.22"]
[Round "4.21"]
[White "Just, Anita"]
[Black "Hoefner, Nina"]
[Result "1-0"]
[WhiteElo "1866"]
[BlackElo "1557"]
[Annotator "NA"]
[PlyCount "106"]
[EventDate "2019.06.20"]
[EventType "team-tourn"]
[EventCountry "GER"]
[SourceTitle "playchess.com"]
[Source "ChessBase"]
[SourceQuality "1"]
[WhiteTeam "Sachsen"]
[BlackTeam "Hamburg"]
[TimeControl "40/5400+30:1800+30"]

1. e4 {[%emt 0:00:00]} c5 {[%emt 0:00:00]} 2. Nf3 {[%emt 0:00:00]} d6 {[%emt 0:00:00]} 3. d4 {[%emt 0:00:00]} cxd4 {[%emt 0:00:00]} 4. Nxd4 {[%emt 0:00:00]} Nf6 {[%emt 0:00:00]} 5. Nc3 {[%emt 0:00:02]} g6 {[%emt 0:00:04]} 6. Be3 {[%emt 0:04:58]} Bg7 {[%emt 0:01:42]} 7. f3 {[%emt 0:05:08]} O-O {[%emt 0:00:07]} 8. Qd2 {[%emt 0:00:14]} Nc6 {[%emt 0:00:08]} 9. Bc4 {[%emt 0:02:43]} Bd7 {[%emt 0:01:15]} 10. Bb3 {[%emt 0:02:07]} a6 {[%emt 0:08:44]} 11. O-O-O {[%emt 0:01:18]} Rc8 {[%emt 0:00:14]} 12. g4 {[%emt 0:05:38]} Nxd4 {[%emt 0:01:02]} 13. Bxd4 {[%emt 0:00:34]} b5 {[%emt 0:01:32]} 14. Nd5 {[%emt 0:10:42]} Nxd5 {[%emt 0:02:47]} 15. exd5 {[%emt 0:02:39]} a5 {[%emt 0:01:46]} 16. a3 {[%emt 0:05:07]} Qc7 {[%emt 0:03:08]} 17. Bxg7 {[%emt 0:04:12]} Kxg7 {[%emt 0:01:25]} 18. Rhe1 {[%emt 0:06:04]} Rfe8 {[%emt 0:01:42]} 19. Re3 {[%emt 0:01:56]} Rb8 {[%emt 0:04:49]} 20. Rde1 {[%emt 0:04:35]} Bc8 {[%emt 0:03:40]} 21. Qd4+ {[%emt 0:08:18]} Kg8 {[%emt 0:01:21]} 22. Rc3 {[%emt 0:01:17]} Qb6 {[%emt 0:03:24]} 23. Qxb6 {[%emt 0:00:57]} Rxb6 {[%emt 0:01:12]} 24. a4 {[%emt 0:01:15]} b4 {[%emt 0:01:58]} 25. Rc7 {[%emt 0:03:05]} Rb7 {[%emt 0:03:11]} 26. Rc6 {[%emt 0:00:45]} Rd7 {[%emt 0:03:36]} 27. Bc4 {[%emt 0:03:28]} Bb7 {[%emt 0:03:43]} 28. Bb5 {[%emt 0:03:59]} Bxc6 {[%emt 0:06:21]} 29. Bxc6 {[%emt 0:00:05]} Red8 {[%emt 0:00:51]} 30. Bxd7 {[%emt 0:00:24]} Rxd7 {[%emt 0:00:04]} 31. Kd2 {[%emt 0:02:34]} Kg7 {[%emt 0:00:58]} 32. Re4 {[%emt 0:00:42]} Rc7 {[%emt 0:01:16]} 33. Kd3 {[%emt 0:02:27]} Kf6 {[%emt 0:03:40]} 34. Rf4+ {[%emt 0:03:19]} Kg7 {[%emt 0:00:11]} 35. Rc4 {[%emt 0:01:08]} Ra7 {[%emt 0:02:35]} 36. Rc8 {[%emt 0:01:59]} e6 {[%emt 0:00:47]} 37. Kd4 {[%emt 0:03:24]} e5+ {[%emt 0:01:09]} 38. Kc4 {[%emt 0:02:21]} Rb7 {[%emt 0:09:07]} 39. Rc6 {[%emt 0:00:48]} Rd7 {[%emt 0:04:41]} 40. Kb5 {[%emt 0:00:34]} Ra7 {[%emt 0:06:35]} 41. Rxd6 {[%emt 0:31:31]} Kf8 {[%emt 0:30:16]} 42. Ra6 {[%emt 0:01:03]} Rd7 {[%emt 0:01:13]} 43. d6 {[%emt 0:03:58]} f5 {[%emt 0:04:16]} 44. gxf5 {[%emt 0:00:49]} gxf5 {[%emt 0:00:12]} 45. Kc6 {[%emt 0:00:44]} Ke8 {[%emt 0:02:27]} 46. Ra8+ {[%emt 0:00:22]} Rd8 {[%emt 0:00:02]} 47. d7+ {[%emt 0:02:58]} Ke7 {[%emt 0:00:21]} 48. Rxa5 {[%emt 0:00:32]} Ke6 {[%emt 0:01:13]} 49. Rd5 {[%emt 0:01:15]} e4 {[%emt 0:09:38]} 50. fxe4 {[%emt 0:00:29]} fxe4 {[%emt 0:00:11]} 51. Rd4 {[%emt 0:00:25]} Ke5 {[%emt 0:01:16]} 52. Rd1 {[%emt 0:00:21]} e3 {[%emt 0:01:20]} 53. Kc7 {[%emt 0:00:25]} Ke6 {[%emt 0:00:22]} 1-0

[Event "DFMMLV 2019"]
[Site "Braunfels"]
[Date "2019.06.22"]
[Round "4.22"]
[White "Harder, Daniella"]
[Black "Lowke, Kathrin"]
[Result "0-1"]
[WhiteElo "1630"]
[BlackElo "1887"]
[Annotator "NA"]
[PlyCount "48"]
[EventDate "2019.06.20"]
[EventType "team-tourn"]
[EventCountry "GER"]
[SourceTitle "playchess.com"]
[Source "ChessBase"]
[SourceQuality "1"]
[WhiteTeam "Hamburg"]
[BlackTeam "Sachsen"]
[TimeControl "40/5400+30:1800+30"]

1. d4 {[%emt 0:00:00]} Nf6 {[%emt 0:00:00]} 2. Nf3 {[%emt 0:00:00]} g6 {[%emt 0:00:00]} 3. g3 {[%emt 0:00:25]} Bg7 {[%emt 0:00:20]} 4. Bg2 {[%emt 0:00:06]} d6 {[%emt 0:00:04]} 5. Bd2 {[%emt 0:03:59]} O-O {[%emt 0:00:35]} 6. Qc1 {[%emt 0:00:09]} Nc6 {[%emt 0:02:04]} 7. Bh6 {[%emt 0:00:32]} Bf5 {[%emt 0:00:38]} 8. Bxg7 {[%emt 0:00:35]} Kxg7 {[%emt 0:00:05]} 9. c3 {[%emt 0:01:58]} Qd7 {[%emt 0:00:57]} 10. h3 {[%emt 0:05:19]} e5 {[%emt 0:05:13]} 11. g4 {[%emt 0:14:50]} Be6 {[%emt 0:01:47]} 12. Qg5 {[%emt 0:08:25]} Bd5 {[%emt 0:07:44]} 13. dxe5 {[%emt 0:12:32]} Nxe5 {[%emt 0:01:28]} 14. O-O {[%emt 0:00:32]} Rae8 {[%emt 0:02:34]} 15. Nbd2 {[%emt 0:03:08]} Nxf3+ {[%emt 0:02:04]} 16. Bxf3 {[%emt 0:00:42]} Bxf3 {[%emt 0:00:18]} 17. exf3 {[%emt 0:00:19]} Re5 {[%emt 0:01:54]} 18. Qf4 {[%emt 0:01:21]} Rfe8 {[%emt 0:02:21]} 19. Qd4 {[%emt 0:03:25]} Rd5 {[%emt 0:02:09]} 20. Qf4 {[%emt 0:00:49]} g5 {[%emt 0:00:24]} 21. Qb4 {[%emt 0:03:08]} c5 {[%emt 0:02:48]} 22. Qa3 {[%emt 0:07:20]} Rxd2 {[%emt 0:01:01]} 23. Qxa7 {[%emt 0:00:59]} Qc6 {[%emt 0:00:30]} 24. Kg2 {[%emt 0:03:38]} Rd3 {[%emt 0:01:10]} 0-1

[Event "DFMMLV 2019"]
[Site "Braunfels"]
[Date "2019.06.22"]
[Round "4.23"]
[White "von Keyserlingk, Chanda"]
[Black "Reich, Kristina"]
[Result "1-0"]
[WhiteElo "1702"]
[BlackElo "1544"]
[Annotator "NA"]
[PlyCount "79"]
[EventDate "2019.06.20"]
[EventType "team-tourn"]
[EventCountry "GER"]
[SourceTitle "playchess.com"]
[Source "ChessBase"]
[SourceQuality "1"]
[WhiteTeam "Sachsen"]
[BlackTeam "Hamburg"]
[TimeControl "40/5400+30:1800+30"]

1. d4 {[%emt 0:00:00]} d5 {[%emt 0:00:00]} 2. c4 {[%emt 0:00:00]} c6 {[%emt 0:00:00]} 3. Nc3 {[%emt 0:00:46]} e6 {[%emt 0:00:00]} 4. e3 {[%emt 0:01:59]} f5 {[%emt 0:00:13]} 5. Nf3 {[%emt 0:01:45]} Nf6 {[%emt 0:01:58]} 6. Bd3 {[%emt 0:06:44]} Bd6 {[%emt 0:01:42]} 7. Ne5 {[%emt 0:01:20]} O-O {[%emt 0:02:21]} 8. f4 {[%emt 0:01:33]} Ne4 {[%emt 0:04:39]} 9. g3 {[%emt 0:10:56]} Nd7 {[%emt 0:05:04]} 10. Qc2 {[%emt 0:05:13]} Ndf6 {[%emt 0:02:52]} 11. Bd2 {[%emt 0:02:26]} Bd7 {[%emt 0:05:20]} 12. O-O {[%emt 0:04:30]} Be8 {[%emt 0:02:47]} 13. Be2 {[%emt 0:01:03]} Rc8 {[%emt 0:08:40]} 14. Qd1 {[%emt 0:04:47]} Rc7 {[%emt 0:03:19]} 15. c5 {[%emt 0:02:52]} Be7 {[%emt 0:02:07]} 16. Nxe4 {[%emt 0:00:31]} Nxe4 {[%emt 0:00:35]} 17. Ba5 {[%emt 0:00:16]} Rf6 {[%emt 0:03:23]} 18. Bxc7 {[%emt 0:00:20]} Qxc7 {[%emt 0:00:13]} 19. Qc2 {[%emt 0:04:14]} Rh6 {[%emt 0:03:43]} 20. Bf3 {[%emt 0:04:07]} Bh5 {[%emt 0:10:16]} 21. Bxe4 {[%emt 0:03:42]} dxe4 {[%emt 0:01:43]} 22. Rf2 {[%emt 0:01:41]} Qd8 {[%emt 0:04:33]} 23. Qb3 {[%emt 0:03:01]} Qc8 {[%emt 0:03:43]} 24. Re1 {[%emt 0:04:09]} Bf6 {[%emt 0:04:06]} 25. Nc4 {[%emt 0:01:22]} Qc7 {[%emt 0:03:54]} 26. Nd6 {[%emt 0:01:25]} Bf7 {[%emt 0:01:34]} 27. Qxb7 {[%emt 0:00:57]} Qxb7 {[%emt 0:03:16]} 28. Nxb7 {[%emt 0:00:17]} Rg6 {[%emt 0:01:52]} 29. Nd6 {[%emt 0:01:15]} Rg4 {[%emt 0:02:28]} 30. Rg2 {[%emt 0:00:34]} Bh5 {[%emt 0:01:40]} 31. Rc1 {[%emt 0:00:48]} Rg6 {[%emt 0:05:38]} 32. Rc3 {[%emt 0:01:05]} Bf3 {[%emt 0:00:58]} 33. Rf2 {[%emt 0:01:34]} h5 {[%emt 0:01:28]} 34. Rb3 {[%emt 0:00:39]} h4 {[%emt 0:01:35]} 35. Rb8+ {[%emt 0:00:07]} Kh7 {[%emt 0:00:34]} 36. Nf7 {[%emt 0:00:25]} Rg4 {[%emt 0:02:01]} 37. Kf1 {[%emt 0:02:20]} hxg3 {[%emt 0:01:51]} 38. hxg3 {[%emt 0:00:19]} Rxg3 {[%emt 0:00:57]} 39. Rh2+ {[%emt 0:00:08]} Kg6 {[%emt 0:00:42]} 40. Nh8# 1-0

[Event "DFMMLV 2019"]
[Site "Braunfels"]
[Date "2019.06.22"]
[Round "4.24"]
[White "Hoelzer, Jeanette"]
[Black "Gottschall, Ina"]
[Result "1/2-1/2"]
[WhiteElo "1662"]
[BlackElo "1637"]
[Annotator "NA"]
[PlyCount "37"]
[EventDate "2019.06.20"]
[EventType "team-tourn"]
[EventCountry "GER"]
[SourceTitle "playchess.com"]
[Source "ChessBase"]
[SourceQuality "1"]
[WhiteTeam "Hamburg"]
[BlackTeam "Sachsen"]
[TimeControl "40/5400+30:1800+30"]

1. e4 {[%emt 0:00:00]} g6 {[%emt 0:00:00]} 2. d4 {[%emt 0:00:00]} Bg7 {[%emt 0:00:00]} 3. Nc3 {[%emt 0:00:00]} d6 {[%emt 0:00:00]} 4. Be3 {[%emt 0:00:00]} Nf6 {[%emt 0:00:12]} 5. f3 {[%emt 0:00:00]} c6 {[%emt 0:00:32]} 6. Qd2 {[%emt 0:00:14]} b5 {[%emt 0:00:21]} 7. O-O-O {[%emt 0:02:01]} b4 {[%emt 0:00:53]} 8. Nce2 {[%emt 0:00:44]} a5 {[%emt 0:00:21]} 9. Bh6 {[%emt 0:02:51]} O-O {[%emt 0:00:15]} 10. h4 {[%emt 0:02:56]} e5 {[%emt 0:21:21]} 11. Bxg7 {[%emt 0:03:15]} Kxg7 {[%emt 0:00:12]} 12. dxe5 {[%emt 0:00:59]} Ng8 13. Qxd6 {[%emt 0:07:02]} Qxd6 {[%emt 0:04:14]} 14. exd6 {[%emt 0:01:30]} c5 {[%emt 0:05:19]} 15. Nf4 {[%emt 0:04:03]} Nd7 {[%emt 0:12:40]} 16. Nd3 {[%emt 0:13:35]} c4 {[%emt 0:04:38]} 17. Nf2 {[%emt 0:05:37]} Ba6 {[%emt 0:04:35]} 18. Ne2 {[%emt 0:07:13]} Rfb8 {[%emt 0:19:03]} 19. Kb1 {[%emt 0:03:55]} 1/2-1/2

[Event "DFMMLV 2019"]
[Site "Braunfels"]
[Date "2019.06.22"]
[Round "4.25"]
[White "Mucha, Annegret"]
[Black "Malachowski, Margrit"]
[Result "1/2-1/2"]
[WhiteElo "2050"]
[BlackElo "2080"]
[Annotator "NA"]
[PlyCount "74"]
[EventDate "2019.06.20"]
[EventType "team-tourn"]
[EventCountry "GER"]
[SourceTitle "playchess.com"]
[Source "ChessBase"]
[SourceQuality "1"]
[WhiteTeam "Thueringen"]
[BlackTeam "Baden"]
[TimeControl "40/5400+30:1800+30"]

1. Nc3 {[%emt 0:00:00]} d5 {[%emt 0:00:52]} 2. e4 {[%emt 0:00:01]} c6 {[%emt 0:00:46]} 3. f4 {[%emt 0:00:06]} e6 {[%emt 0:10:56]} 4. Nf3 {[%emt 0:07:08]} dxe4 {[%emt 0:01:27]} 5. Nxe4 {[%emt 0:00:08]} Nf6 {[%emt 0:00:06]} 6. Nf2 {[%emt 0:01:02]} Bc5 {[%emt 0:01:06]} 7. d4 {[%emt 0:06:17]} Bb6 {[%emt 0:00:31]} 8. c3 {[%emt 0:00:22]} O-O {[%emt 0:12:25]} 9. Bc4 {[%emt 0:08:42]} c5 {[%emt 0:02:43]} 10. dxc5 {[%emt 0:05:15]} Qxd1+ {[%emt 0:00:22]} 11. Nxd1 {[%emt 0:00:39]} Bxc5 {[%emt 0:00:10]} 12. Be3 {[%emt 0:00:31]} Nbd7 {[%emt 0:01:34]} 13. O-O {[%emt 0:08:25]} b6 {[%emt 0:06:07]} 14. Bxc5 {[%emt 0:04:56]} Nxc5 {[%emt 0:00:35]} 15. Ne5 {[%emt 0:00:31]} Bb7 {[%emt 0:00:43]} 16. Ne3 {[%emt 0:01:58]} Rad8 {[%emt 0:04:23]} 17. Rad1 {[%emt 0:05:18]} g6 {[%emt 0:05:16]} 18. g4 {[%emt 0:02:15]} Nd5 {[%emt 0:05:31]} 19. Nxd5 {[%emt 0:01:59]} exd5 {[%emt 0:03:27]} 20. Bb5 {[%emt 0:01:35]} a6 {[%emt 0:12:40]} 21. Bc6 {[%emt 0:01:17]} Rd6 {[%emt 0:06:46]} 22. Bxb7 {[%emt 0:07:56]} Nxb7 {[%emt 0:00:21]} 23. Rd4 {[%emt 0:00:49]} f6 {[%emt 0:01:49]} 24. Nd3 {[%emt 0:07:57]} a5 {[%emt 0:02:03]} 25. g5 {[%emt 0:02:46]} Nc5 {[%emt 0:04:27]} 26. Nxc5 {[%emt 0:06:07]} bxc5 {[%emt 0:01:00]} 27. Ra4 {[%emt 0:03:15]} Ra8 {[%emt 0:03:28]} 28. Rd1 {[%emt 0:00:20]} Kf7 {[%emt 0:01:45]} 29. b4 {[%emt 0:01:48]} cxb4 {[%emt 0:02:04]} 30. cxb4 {[%emt 0:00:06]} d4 {[%emt 0:00:09]} 31. bxa5 {[%emt 0:00:26]} d3 {[%emt 0:00:06]} 32. Kf2 {[%emt 0:03:27]} fxg5 {[%emt 0:01:53]} 33. fxg5 {[%emt 0:00:41]} d2 {[%emt 0:01:33]} 34. a6 {[%emt 0:02:24]} Raxa6 {[%emt 0:01:02]} 35. Rxa6 {[%emt 0:00:05]} Rxa6 {[%emt 0:00:08]} 36. Rxd2 {[%emt 0:00:03]} Ke6 {[%emt 0:00:38]} 37. Kg3 Ke5 1/2-1/2

[Event "DFMMLV 2019"]
[Site "Braunfels"]
[Date "2019.06.22"]
[Round "4.26"]
[White "Zhang, Fan"]
[Black "Skibbe, Diana"]
[Result "1-0"]
[WhiteElo "2069"]
[BlackElo "1986"]
[Annotator "NA"]
[PlyCount "55"]
[EventDate "2019.06.20"]
[EventType "team-tourn"]
[EventCountry "GER"]
[SourceTitle "playchess.com"]
[Source "ChessBase"]
[SourceQuality "1"]
[WhiteTeam "Baden"]
[BlackTeam "Thueringen"]
[TimeControl "40/5400+30:1800+30"]

1. d4 {[%emt 0:00:33]} f5 {[%emt 0:00:00]} 2. Bg5 {[%emt 0:03:38]} h6 {[%emt 0:00:13]} 3. Bh4 {[%emt 0:01:25]} g5 {[%emt 0:00:03]} 4. e4 {[%emt 0:04:52]} Bg7 {[%emt 0:08:24]} 5. Qh5+ {[%emt 0:06:16]} Kf8 {[%emt 0:00:04]} 6. Bg3 {[%emt 0:11:03]} Nf6 {[%emt 0:04:07]} 7. Qf3 {[%emt 0:00:45]} fxe4 {[%emt 0:00:09]} 8. Qb3 {[%emt 0:01:24]} d5 {[%emt 0:09:16]} 9. f3 {[%emt 0:02:02]} Nc6 {[%emt 0:00:20]} 10. c3 {[%emt 0:01:47]} Na5 {[%emt 0:08:25]} 11. Qa4 {[%emt 0:01:20]} c6 {[%emt 0:01:49]} 12. Nd2 {[%emt 0:00:47]} b5 {[%emt 0:00:35]} 13. Qc2 {[%emt 0:09:17]} Bf5 {[%emt 0:00:55]} 14. fxe4 {[%emt 0:01:30]} dxe4 {[%emt 0:00:36]} 15. Ndf3 {[%emt 0:05:26]} Qd5 {[%emt 0:11:07]} 16. Ne5 {[%emt 0:01:40]} Nd7 {[%emt 0:04:15]} 17. Qf2 {[%emt 0:01:03]} e6 {[%emt 0:01:21]} 18. Ng6+ {[%emt 0:00:44]} Kf7 {[%emt 0:02:06]} 19. Nxh8+ {[%emt 0:00:12]} Bxh8 {[%emt 0:00:08]} 20. Be2 {[%emt 0:09:04]} Kg8 {[%emt 0:00:22]} 21. h4 {[%emt 0:03:35]} g4 {[%emt 0:00:32]} 22. Qf4 {[%emt 0:01:26]} Nf6 {[%emt 0:03:34]} 23. Qxh6 {[%emt 0:01:43]} Bg7 {[%emt 0:02:58]} 24. Qg5 {[%emt 0:01:48]} Nh7 {[%emt 0:07:14]} 25. Qf4 {[%emt 0:04:20]} Nf6 {[%emt 0:01:31]} 26. h5 {[%emt 0:00:51]} Kh7 {[%emt 0:00:25]} 27. h6 {[%emt 0:01:21]} Bh8 {[%emt 0:00:10]} 28. Qc7+ 1-0

[Event "DFMMLV 2019"]
[Site "Braunfels"]
[Date "2019.06.22"]
[Round "4.28"]
[White "Schneider, Birgit"]
[Black "Jacke, Corinna"]
[Result "1/2-1/2"]
[WhiteElo "1874"]
[BlackElo "2001"]
[Annotator "NA"]
[PlyCount "47"]
[EventDate "2019.06.20"]
[EventType "team-tourn"]
[EventCountry "GER"]
[SourceTitle "playchess.com"]
[Source "ChessBase"]
[SourceQuality "1"]
[WhiteTeam "Baden"]
[BlackTeam "Thueringen"]
[TimeControl "40/5400+30:1800+30"]

1. e4 {[%emt 0:00:00]} e6 {[%emt 0:00:00]} 2. d4 {[%emt 0:00:00]} d5 {[%emt 0:00:00]} 3. e5 {[%emt 0:00:07]} c5 {[%emt 0:00:00]} 4. c3 {[%emt 0:00:05]} Nc6 {[%emt 0:00:00]} 5. Nf3 {[%emt 0:00:07]} Qc7 {[%emt 0:00:40]} 6. a3 {[%emt 0:05:38]} c4 {[%emt 0:13:53]} 7. b3 {[%emt 0:16:33]} b5 {[%emt 0:04:18]} 8. bxc4 {[%emt 0:08:28]} bxc4 {[%emt 0:00:07]} 9. Be2 {[%emt 0:05:52]} Bd7 {[%emt 0:06:30]} 10. O-O {[%emt 0:04:38]} Na5 {[%emt 0:03:21]} 11. Nbd2 {[%emt 0:08:26]} Rb8 {[%emt 0:02:18]} 12. a4 {[%emt 0:04:59]} f6 {[%emt 0:07:25]} 13. Ba3 {[%emt 0:04:16]} Nb3 {[%emt 0:05:10]} 14. Bxf8 {[%emt 0:03:53]} Kxf8 {[%emt 0:00:28]} 15. Ra3 {[%emt 0:03:38]} Kf7 {[%emt 0:09:47]} 16. Nxb3 {[%emt 0:03:02]} cxb3 {[%emt 0:02:34]} 17. Bb5 {[%emt 0:05:40]} Bxb5 {[%emt 0:03:05]} 18. axb5 {[%emt 0:00:18]} Rxb5 {[%emt 0:00:18]} 19. Rxb3 {[%emt 0:02:05]} Rxb3 {[%emt 0:00:38]} 20. Qxb3 {[%emt 0:00:06]} Ne7 {[%emt 0:00:06]} 21. exf6 {[%emt 0:01:31]} gxf6 {[%emt 0:01:50]} 22. Re1 {[%emt 0:05:29]} h5 {[%emt 0:09:31]} 23. Qb5 {[%emt 0:04:20]} Qc6 {[%emt 0:07:39]} 24. Qa5 {[%emt 0:01:54]} 1/2-1/2